00529nam a22001457a 4500020001800000082001800018100002800036245008400064260005200148300001100200650004400211942001200255999001900267952009700286 a9780691138275 a347.7314bBAU aBaum, Lawrence 9128410 aJudges and their Audience:ba perspective no judicial behavior /cLawrence Baum aPrinceton :bPrinceton University Press,c2006. a231 p. aLaw, Judges and their Audience 9128411 2ddccBK c613380d613380 00102ddc4070aNLSbNLSd2025-03-18l0o347.7314 BAUpNLS-1457r2025-03-18w2025-03-18yBK